长江的主要支流 - Statistics

General Stats
  • This quiz has been taken 379 times
  • The average score is 6 of 10
Answer Stats
长度 (km) 流域面积 (km^2) 河名 % Correct
1532 159000 汉水
95%
856 96400 湘江
94%
991 81600 赣江
90%
1119 160000 嘉陵江
86%
1279 133000 岷江
73%
1150 87920 乌江
61%
1323 128444 雅砻江
53%
1033 89163 沅江
39%
655 27860 沱江
29%
653 28100 资江
17%
No matching quizzes found
Score Distribution
Percent of People with Each Score
Percentile by Number Answered
Your Score History
You have not taken this quiz